Statystyki dla Najmniejsze Państwa Świata

Kliknij tutaj aby rozwiązać quiz!

Ogólne statystyki

  • Ten quiz został rozwiązany 312 razy
  • Średni wynik to 8 z 15

Statystyki odpowiedzi

Kilometry KwadratowePaństwo% Poprawnych
0,44Watykan
99%
2Monako
88%
61San Marino
88%
160Liechtenstein
76%
316Malta
60%
21Nauru
49%
26Tuvalu
43%
261Saint Kitts i Nevis
40%
389Saint Vincent i Grenadyny
37%
455Seszele
34%
181Wyspy Marshalla
34%
344Grenada
33%
298Malediwy
33%
442Antigua i Barbuda
31%
430Barbados
29%

Rozkład punktacji

Percentyl według liczby udzielonych odpowiedzi

Procent ludzi z każdym wynikiem

Twoja historia wyników

Nie rozwiązałeś tego quizu